000 00473nam a2200145Ia 4500
008 210430s9999 xx 000 0 und d
020 _a0582285402 (hardcover) | 97805
082 _a658 I5911 I
100 _aReuss, Carol.
245 _aInside organizational communication /
_cReuss, Carol.
260 _a[S.l.] :
_bLongman Group United Kingdom,
_c1984
300 _a368 p. ;
856 _uhttp://www.amazon.com/exec/obidos/ASIN/0582285402/chopaconline-20
942 _2ddc
999 _c563198
_d563198